Derecho procesal civil / (Record no. 8904)

MARC details
000 -LEADER
campo de control de longitud fija 00975nam a2200241 i 4500
001 - NÚMERO DE CONTROL
campo de control 8904
003 - IDENTIFICADOR DE NÚMERO DE CONTROL
campo de control ES-MaACL
005 - FECHA Y HORA DE LA ÚLTIMA TRANSACCIÓN
campo de control 20250905131906.0
007 - CAMPO FIJO DE DESCRIPCIÓN FÍSICA--INFORMACIÓN GENERAL
campo de control de longitud fija t|
008 - DATOS DE LONGITUD FIJA--INFORMACIÓN GENERAL
campo de control de longitud fija 921112s1992 sp ||||1| spa d
020 ## - NÚMERO INTERNACIONAL ESTÁNDAR DEL LIBRO
Número Internacional Estándar del Libro 84-8004-030-0
080 ## - NÚMERO DE LA CLASIFICACIÓN DECIMAL UNIVERSAL
Número de la Clasificación Decimal Universal 347.91/95(46)(02)
100 1# - ENTRADA PRINCIPAL--NOMBRE DE PERSONA
Nombre de persona Oliva, Andrés de la.
9 (RLIN) 86724
245 10 - MENCIÓN DEL TÍTULO
Título Derecho procesal civil /
Mención de responsabilidad, etc. Andrés de la Oliva y Miguel Angel Fernández.
250 ## - MENCION DE EDICION
Mención de edición [3ª ed.].
260 ## - PUBLICACIÓN, DISTRIBUCIÓN, ETC.
Lugar de publicación, distribución, etc. Madrid :
Nombre del editor, distribuidor, etc. Centro de Estudios Ramón Areces,
Fecha de publicación, distribución, etc. 1992.
300 ## - DESCRIPCIÓN FÍSICA
Extensión 4 v. ;
Dimensiones 25 cm.
505 8# - NOTA DE CONTENIDO CON FORMATO
Nota de contenido con formato Vol. I : Introducción: el proceso civil, sus tribunales y sus sujetos-- Vol. II : Objeto, actos y recursos del proceso civil. El proceso civil de declaración-- Vol. III : La ejecución forzosa. Las medidas cautelares-- Vol. IV : Los procesos especiales
650 #4 - PUNTO DE ACCESO ADICIONAL DE MATERIA--TÉRMINO DE MATERIA
Término de materia o nombre geográfico como elemento de entrada Procedimiento civil-
Subdivisión geográfica España.
9 (RLIN) 16420
700 1# - ENTRADA AGREGADA--NOMBRE PERSONAL
Nombre de persona Fernández López, Miguel Ángel
9 (RLIN) 49408
852 ## - LOCALIZACIÓN
Ubicación ES-MaACL
Número de control de estantería L-16370-73
Sublocalización o colección R.121003
Holdings
Estatus retirado Estado de pérdida Estado de daño No para préstamo Biblioteca de origen Biblioteca actual Ubicación en estantería Fecha de adquisición Fuente de adquisición Total de préstamos Signatura topográfica completa Código de barras Visto por última vez Precio de reemplazo Tipo de ítem Koha
        Biblioteca del Ateneo de Madrid Biblioteca del Ateneo de Madrid Depósito 2 17/01/2008     L-16370-73 1009091 23/02/2023 23/02/2023 Libro impreso